Pizza Hut Toppings Quiz Stats

 Plays Quiz Updated Jul 8, 2015

Challenge
Share
Tweet
Embed
Score 0/23 Timer 05:00
0 Plays Today
Type Topping % Correct
MeatPepperoni
93.3%
VegetableFresh Green Bell Peppers
90.6%
MeatSlow-Roasted Ham
87.4%
MeatItalian Sausage
87.3%
VegetableFresh Red Onions
83.7%
MeatGrilled Chicken
81.6%
MeatBeef
79.3%
MeatHardwood Smoked Bacon
76.9%
VegetableDiced Roma Tomatoes
75.9%
VegetablePeruvian Cherry Peppers
75.8%
VegetableSliced Jalapeño Peppers
75.2%
VegetableFresh Mushrooms
74.7%
Type Topping % Correct
VegetableSliced Banana Peppers
71.3%
VegetableSweet Pineapple
66%
VegetableMediterranean Black Olives
64.8%
Drizzle (Sauce on Top)Barbeque
50.7%
MeatSeasoned Pork
45%
MeatPremium Salami
38.3%
VegetableFresh Spinach
34.3%
Drizzle (Sauce on Top)Buffalo
29.9%
MeatClassic Meatball
24.2%
Drizzle (Sauce on Top)Balsamic
11.8%
Drizzle (Sauce on Top)Honey Sriracha
11.5%

You're not logged in!

Compare scores with friends on all Sporcle quizzes.
Join for Free
OR
Log In

You Might Also Like...

Show Comments

Extras

Top Quizzes Today


Score Distribution

Your Account Isn't Verified!

In order to create a playlist on Sporcle, you need to verify the email address you used during registration. Go to your Sporcle Settings to finish the process.

Report this User

Report this user for behavior that violates our Community Guidelines.

Details: